000 00326nam a2200157Ia 4500
100 _aShah/Sharanam
650 _aStruts
942 _cBK
366 _f25
245 _aStruts 2 with Hibernate 3 project
260 _bSPD
_c2009
082 _a5.133
_bSHAH
300 _a926
546 _aENGLISH
_celectronics
999 _c24242
_d24242